Medicina legal judicial / (Record no. 144077)

MARC details
000 -LEADER
campo de control de longitud fija 00985nam a2200229 4500
001 - NÚMERO DE CONTROL
campo de control 144077
003 - IDENTIFICADOR DE NÚMERO DE CONTROL
campo de control ES-MaACL
005 - FECHA Y HORA DE LA ÚLTIMA TRANSACCIÓN
campo de control 20230906200934.0
007 - CAMPO FIJO DE DESCRIPCIÓN FÍSICA--INFORMACIÓN GENERAL
campo de control de longitud fija t|
008 - DATOS DE LONGITUD FIJA--INFORMACIÓN GENERAL
campo de control de longitud fija 070214s1962 sp r ||||1| spa d
100 1# - ENTRADA PRINCIPAL--NOMBRE DE PERSONA
Nombre de persona Simonin, C.
9 (RLIN) 106578
245 10 - MENCIÓN DEL TÍTULO
Título Medicina legal judicial /
Mención de responsabilidad, etc. por C. Simonin ; traducción de la tercera edición francesa por el doctor G. L. Sánchez Maldonado ; prólogo del doctor M. Sales-Vázquez ; apéndice sobre legislación española por Eugenio Hernández Linares y Luis Sabatés Sans.
260 ## - PUBLICACIÓN, DISTRIBUCIÓN, ETC.
Lugar de publicación, distribución, etc. Barcelona :
Nombre del editor, distribuidor, etc. Jims,
Fecha de publicación, distribución, etc. 1962 (
Fabricante Imp. Casa Provincial de Caridad)
300 ## - DESCRIPCIÓN FÍSICA
Extensión XXXI, 1154 p. :
Otras características físicas il. ;
Dimensiones 23 cm.
500 ## - NOTA GENERAL
Nota general Tít. orig.: Médecine légale judiciaire.
700 1# - ENTRADA AGREGADA--NOMBRE PERSONAL
Nombre de persona Sánchez Maldonado, Gabriel L.
9 (RLIN) 102744
700 1# - ENTRADA AGREGADA--NOMBRE PERSONAL
Nombre de persona Sales Vázquez, Miguel.
9 (RLIN) 101887
700 1# - ENTRADA AGREGADA--NOMBRE PERSONAL
Nombre de persona Hernández Linares, Eugenio.
9 (RLIN) 62979
700 1# - ENTRADA AGREGADA--NOMBRE PERSONAL
Nombre de persona Sabatés Sans, Luis.
9 (RLIN) 101182
740 0# - ENTRADA AGREGADA--TÍTULO RELACIONADO/ANALÍTICO NO CONTROLADO
Título relacionado o analítico no controlado Médecine légale judiciaire.
852 ## - LOCALIZACIÓN
Ubicación ES-MaACL
Número de control de estantería C-21650
Sublocalización o colección R.50318
Holdings
Estatus retirado Estado de pérdida Estado de daño No para préstamo Biblioteca de origen Biblioteca actual Ubicación en estantería Fecha de adquisición Fuente de adquisición Total de préstamos Signatura topográfica completa Código de barras Visto por última vez Precio de reemplazo Tipo de ítem Koha
        Biblioteca del Ateneo de Madrid Biblioteca del Ateneo de Madrid Galería 17/01/2008     C-21650 1149901 23/02/2023 23/02/2023 Libro impreso